000 00811nam a22002655a 4500
008
020 _a9780470974056 (pbk.)
049 _aMAIN
090 _aHT241
_bURB
245 0 0 _aUrban design ecologies /
_cedited by Brian McGrath.
260 _aChichester, West Sussex :
_bWiley,
_cc2013.
300 _a319 p. :
_bill (chiefly col.), maps (chiefly col.) ;
_c25 cm.
490 1 _aAD reader
504 _aIncludes bibliographical references.
500 _aIncludes index.
650 0 _aUrban ecology (Sociology)
650 0 _aCity planning.
650 0 _aCity planning
_xEnvironmental aspects.
700 1 _aMcGrath, Brian.
907 _a.b1033922x
_b03-12-14
_c10-02-14
003
005 20230120131037.0
040 _cNUST
942 _cBOOKS
_kHT241
_mURB
999 _c95836
_d95836